El cuento clásico de Pedrito, el conejo travieso, y otros entrañables relatos / (Record no. 1721)
[ view plain ]
| 000 -LEADER | |
|---|---|
| fixed length control field | 02169cam a2200469 i 4500 |
| 001 - CONTROL NUMBER | |
| control field | data |
| 005 - DATE AND TIME OF LATEST TRANSACTION | |
| control field | 20260322212114.0 |
| 008 - FIXED-LENGTH DATA ELEMENTS--GENERAL INFORMATION | |
| fixed length control field | data |
| 035 ## - SYSTEM CONTROL NUMBER | |
| System control number | 19546937 |
| 010 ## - LIBRARY OF CONGRESS CONTROL NUMBER | |
| LC control number | 2016296405 |
| 020 ## - INTERNATIONAL STANDARD BOOK NUMBER | |
| International Standard Book Number | 9781604334890 |
| Qualifying information | (hardcover) |
| 020 ## - INTERNATIONAL STANDARD BOOK NUMBER | |
| International Standard Book Number | 1604334894 |
| 035 ## - SYSTEM CONTROL NUMBER | |
| System control number | (OCoLC)861541385 |
| 040 ## - CATALOGING SOURCE | |
| Original cataloging agency | YDXCP |
| Language of cataloging | eng |
| Transcribing agency | YDXCP |
| Description conventions | rda |
| Modifying agency | DLC |
| -- | BDX |
| -- | SAP |
| -- | GK8 |
| -- | OCLCO |
| -- | MVP |
| -- | TNH |
| -- | WIM |
| -- | NYP |
| -- | OCLCA |
| -- | OCLCF |
| -- | OCLCO |
| -- | CHY |
| -- | DLC |
| 041 1# - LANGUAGE CODE | |
| Language code of text/sound track or separate title | spa |
| Language code of original | eng |
| 042 ## - AUTHENTICATION CODE | |
| Authentication code | lccopycat |
| 050 00 - LIBRARY OF CONGRESS CALL NUMBER | |
| Classification number | PZ73 |
| Item number | .P64 2014 |
| 082 00 - DEWEY DECIMAL CLASSIFICATION NUMBER | |
| Classification number | [E] |
| Edition information | 23 |
| 100 1# - MAIN ENTRY--PERSONAL NAME | |
| Personal name | Potter, Beatrix, |
| Dates associated with a name | 1866-1943, |
| Relator term | author. |
| 240 10 - UNIFORM TITLE | |
| Uniform title | Classic tale of Peter Rabbit and other cherished stories. |
| Language of a work | Spanish. |
| 245 13 - TITLE STATEMENT | |
| Title | El cuento clásico de Pedrito, el conejo travieso, y otros entrañables relatos / |
| Statement of responsibility, etc. | por Beatrix Potter ; ilustrado por Charles Santore ; traducción de Vicente Echerri. |
| 246 30 - VARYING FORM OF TITLE | |
| Title proper/short title | Pedrito, el conejo travieso |
| 264 #1 - PRODUCTION, PUBLICATION, DISTRIBUTION, MANUFACTURE, AND COPYRIGHT NOTICE | |
| Place of production, publication, distribution, manufacture | Kennebunkport, Maine : |
| Name of producer, publisher, distributor, manufacturer | Applesauce Press, |
| Date of production, publication, distribution, manufacture, or copyright notice | [2014] |
| 300 ## - PHYSICAL DESCRIPTION | |
| Extent | 71 pages : |
| Other physical details | color illustrations; |
| Dimensions | 28 x 29 cm |
| 336 ## - CONTENT TYPE | |
| Content type term | text |
| Source | rdacontent |
| 337 ## - MEDIA TYPE | |
| Media type term | unmediated |
| Source | rdamedia |
| 338 ## - CARRIER TYPE | |
| Carrier type term | volume |
| Source | rdacarrier |
| 500 ## - GENERAL NOTE | |
| General note | Originally published in English: Philadelphia, Pennsylvania : Courage Books, 1986 under the title The classic tale of Peter Rabbit and other cherished stories. |
| 505 00 - FORMATTED CONTENTS NOTE | |
| Title | El cuento de los Conejitos Pelusa. |
| -- | El cuento de Jeremías Pescador -- |
| -- | El cuento de Benjamín Conejo -- |
| -- | El cuento de los dos malvados ratones -- |
| -- | El cuento de los Conejitos Pelusa. |
| 520 ## - SUMMARY, ETC. | |
| Summary, etc. | Presents a selection of stories by the well-known author. |
| 546 ## - LANGUAGE NOTE | |
| Language note | In Spanish. |
| 650 #0 - SUBJECT ADDED ENTRY--TOPICAL TERM | |
| Topical term or geographic name entry element | Animals |
| Form subdivision | Juvenile fiction. |
| 650 #1 - SUBJECT ADDED ENTRY--TOPICAL TERM | |
| Topical term or geographic name entry element | Animals |
| Form subdivision | Fiction. |
| 655 #7 - INDEX TERM--GENRE/FORM | |
| Genre/form data or focus term | Fiction. |
| Source of term | lcgft |
| Authority record control number or standard number | https://id.loc.gov/authorities/genreForms/gf2014026339 |
| 655 #7 - INDEX TERM--GENRE/FORM | |
| Genre/form data or focus term | Fiction. |
| Source of term | lcgft |
| Authority record control number or standard number | https://id.loc.gov/authorities/genreForms/gf2014026339 |
| 700 1# - ADDED ENTRY--PERSONAL NAME | |
| Personal name | Santore, Charles, |
| Relator term | illustrator. |
| 700 1# - ADDED ENTRY--PERSONAL NAME | |
| Personal name | Echerri, Vicente, |
| Dates associated with a name | 1948- |
| Relator term | translator. |
| 906 ## - LOCAL DATA ELEMENT F, LDF (RLIN) | |
| a | 7 |
| b | cbc |
| c | copycat |
| d | 3 |
| e | ncip |
| f | 20 |
| g | y-gencatlg |
| 925 0# - | |
| -- | acquire |
| -- | 1 shelf copy |
| -- | policy default |
| Withdrawn status | Lost status | Damaged status | Not for loan | Home library | Current library | Shelving location | Date acquired | Total checkouts | Full call number | Barcode | Date last seen | Price effective from | Koha item type |
|---|---|---|---|---|---|---|---|---|---|---|---|---|---|
| Fairview | Fairview | General stacks | 22/03/2026 | [E] | LOC-FPL-00006 | 22/03/2026 | 22/03/2026 | Books |